000 00570nam a2200181Ia 4500
005 20250508153952.0
008 008 250505s9999 xx 000 0 eng d
037 _aBooks to be hide in OPAC
040 _aFEDL
_beng
_cFEDL
041 _aeng
_2eng
084 _a027.4, UNI/O
_qFEDL
245 0 _aStatistics of public libraries : 1955-56
245 0 _cU S Department of Health, Education, and Welfare
260 _aWashington, USA
_bU.S. Government Printing Office
_c1959
300 _a102p.
942 _cHB
_h027.4, UNI/O
999 _c1346697
_d1346697